000 01668cam a22002534a 4500
001 TB12250
003 IN-BhIIT
005 20250221101517.0
008 060613s2006 ii b 000 0 eng
020 _a9788179931844 (hbk.)
040 _aIN-BhIIT
041 _aeng
082 _a628
_bKUL/E
100 1 _aKulkarni, Vijay.
_eAuthor
_925559
245 1 0 _aEnvironmental management /
_cby Vijay Kulkarni and T.V. Ramachandra.
260 _aNew Delhi :
_bCapital Pub. Co.,
_c2006.
300 _axvi, 367 p. ;
_bill. ;
_c25 cm.
500 _aCommonwealth of Learning, Canada ; Centre for Ecological Sciences, Indian Institute of Science, India ; Karnataka Environment Research Foundation, India.
504 _aIncludes bibliographical references and index.
520 _aEnvironmental management has become one of the most used terms in recent times. But what exactly does the term mean and entail? Environmental management helps to investigate and manage the environment within the context of human influences, incorporating an examination of economics, culture, political structure, and social equity, as well as natural processes and systems. This book discusses in detail the various issues relating to environmental management, including the fundamentals; the various environmental policies, legislation, and international treaties; the concept of environmental impact assessment; environmental auditing; life cycle assessment; various environmental management system standards; issues and techniques; and environmental design and economics.
650 0 _aEnvironmental management.
_912758
700 1 _aRamachandra, T. V.
_eJoint author
_925560
942 _cTB
999 _c14704
_d14704